| 000 | 00615nam a22001937a 4500 | ||
|---|---|---|---|
| 003 | DO-SdBNP | ||
| 005 | 20221003101202.0 | ||
| 007 | ta | ||
| 008 | 110324s1944 dr s 000 0 spa d | ||
| 040 |
_aDO-SdBNP _bspa _cBNPHU |
||
| 082 |
_axxxx _bxxxx |
||
| 110 | 1 |
_aRepública Dominicana _bDirección General de Estadística _953738 |
|
| 245 | 1 | 0 |
_aEstadística del suicidio en la República Dominicana : _bquinquenio 1939-1943 / |
| 260 |
_aSanto Domingo : _bDirección General de Estadística , _c1944. |
||
| 300 |
_a65 p. ; _c29 cm. |
||
| 590 | _aInventariado, 2022/ YL | ||
| 910 | _aYLockward | ||
| 942 |
_2ddc _cLBS1 |
||
| 999 |
_c52502 _d52502 |
||